ZTM Gdańsk - 269 - Statystyki

Ogólne statystyki
  • Ten quiz został rozwiązany 9 razy
  • Średni wynik to 10 z 16
Statystyki odpowiedzi
Ulica Przystanek % Poprawnych
Kielnieńska Barniewicka
88%
Kwidzyńska Kukawka
88%
Wodnika Marsa
88%
Plutona Osiedle Barniewice
88%
Barniewicka Osowa PKP
88%
Wodnika Jednorożca
63%
Barniewicka Nowy Świat
63%
Kielnieńska Iławska
50%
Barniewicka Konstelacji
50%
Junony Koziorożca
50%
Planetarna Saturna
50%
Balcerskiego Siedleckiego
50%
Junony Zeusa
50%
Barniewicka Konkordii
38%
Kielnieńska Nowa
38%
Niedziałkowskiego Sołdka
25%
Nie znaleziono quizów pasujących do podanych kryteriów
Rozkład punktacji
Procent ludzi z każdym wynikiem
Percentyl według liczby udzielonych odpowiedzi
Twoja historia wyników
Nie rozwiązałeś tego quizu